Die Flughäfen mit den meisten Passagieraufkommen der Welt - Statistiken

Allgemein
  • Dieses Quiz wurde 192 mal gespielt
  • Das Durchschnittsergebnis liegt bei 12 aus 20
Antwortstatistiken
Flughafen % Korrekt
London-Heathrow Airport
97%
Los Angeles Airport
95%
New York John F. Kennedy Airport
95%
Paris-Charles-de-Gaulle Airport
95%
Frankfurt Main Airport
91%
Tokio-Haneda Airport
81%
Madrid-Barajas Airport
78%
Istanbul Airport
75%
Dubai Airport
71%
Chicago O´Hare Airport
67%
Hartsfield-Jackson Atlanta Airport
66%
Amsterdam Schiphol Airport
58%
Miami Airport
53%
Dallas/Fort Worth Airport
45%
Delhi Indira Grandhi Airport
42%
Mexiko-Stadt Airport
41%
Denver Airport
29%
Las Vegas Harry Reid Airport
27%
Orlando Airport
15%
Charlotte Douglas Airport
8%
Keine übereinstimmenden Quizze gefunden
Verteilung der Resultate
Anzahl Personen mit jedem Resultat
Perzentil nach korrekt beantworteten Fragen
Ihre Resultats-Entwicklung
Sie haben dieses Quiz noch nicht gespielt